Las cítaras colgadas de los árboles

Salvato in:
Dettagli Bibliografici
Autore principale: Gala, Antonio (Autore)
Natura: Libro
Lingua:spagnolo
Pubblicazione: Madrid Espasa-Calpe 1977
Soggetti:
Tags: Aggiungi Tag
Nessun Tag, puoi essere il primo ad aggiungerne!!

MARC

LEADER 00000nam a2200000 a 4500
001 UCQ6180
003 CL-VaPUC
008 981009e19770000SP |||||||||||||||||spa|d
082 0 4 |a 862  |b GAL  |2 21 
100 |a Gala, Antonio  |e author  |9 529442 
245 1 4 |a Las cítaras colgadas de los árboles 
246 1 0 |a Por qué corres, Ulises? 
300 |a 212 p 
942 |c BK 
945 |d 19981009 00:00:00  |a crobeson 
260 |a Madrid  |b Espasa-Calpe  |c 1977 
650 0 |a Dramas españoles  |9 267081 
650 0 |a Literatura española  |9 306261 
583 |a last modification  |c 19981009 00:00:00  |k Rodrigo Vera 
999 |c 276182  |d 276180 
952 |0 0  |1 0  |4 0  |6 862_000000000000000_GAL_1977  |7 0  |8 A  |9 313321  |a BIBEDU  |b BIBEDU  |d 2019-11-20  |i 1476661  |o 862 GAL 1977  |p 1476661  |r 2019-11-20  |w 2019-11-20  |y BK  |k LIT